Quizzes
Events
Quiz Creation
Community
Videos
Private Events
Remove Ads
Sign In
Join for FREE
Feedback
Dark Mode
Quiz Categories
Sports
Geography
Music
Movies
Television
Just For Fun
Miscellaneous
History
Literature
Language
Science
Gaming
Entertainment
Religion
Holiday
For Kids
Quiz Lab
Recent
Popular Today
Quiz Kudos Today
Editor Picks
Curator Picks
Quizzes by...
Day
Popularity
Type
Ratings
Length
Year
Community
Subscriptions
Recent Discussions
Orange Saloon
Badges
Playlists
Quests
Create
Leaderboards
Showdown
Live 5
Trivia Bingo
Activity
Puzzle Library
Sporcle Events
Private Events
Virtual Trivia
Globe League
Become a Host
Pub Owners
SporcleCon
Opinionation
Our Games
Videos
Blog
Mobile Apps
Partnerships
Remove Ads and Go Orange
Feedback
Sports
Athletes
MLB
NBA
NHL
NFL
Soccer
Sports Teams
WWE
NCAA
Football
Premier League
Basketball
Baseball
Hockey
Golf
Tennis
Cricket
Rugby
Auto Racing
Olympics
World Cup
Sports
Athletes
MLB
NBA
NHL
NFL
Soccer
Sports Teams
WWE
NCAA
Football
Premier League
Basketball
Baseball
Hockey
Golf
Tennis
Cricket
Rugby
Auto Racing
Olympics
World Cup
Random Quiz
Search Sporcle
×
Quiz Lab
Quiz Lab
Sports
Soccer
Type in answers that appear in a list
Type in answers that appear in a list
Classic
Best Score? Go Orange.
Champions League XIs 2015-2016 Stats
Can you name the Champions League XIs 2015-2016? (most used players in each team)
By
PBERouen
20m
176 Questions
1,916 Plays
1,916 Plays
1,916 Plays
Comments
Comments
Give Quiz Kudos
Give Quiz Kudos
-
- Ratings
hide this ad
Replay
Link that replays current quiz
Next Quiz
Link to next quiz in quiz playlist
You Got
0%
They Got
Avg Score
53%
Avg Friend Score
Upgrade to see
Score Distribution
Jump to the score distribution portion of the page
Score
0/176
Timer
20:00
0
Plays Today
Hint
Answer
% Correct
Real Madrid
Cristinano Ronaldo
97.1%
Real Madrid
Keylor Navas
95.9%
Manchester City
Jesus Navas
95.9%
Real Madrid
Sergio Ramos
95.8%
Real Madrid
Karim Benzema
95.6%
Real Madrid
Gareth Bale
95.1%
Real Madrid
Luka Modric
94.2%
Bayern Munich
Manuel Neuer
94%
Real Madrid
Marcelo
93.8%
Real Madrid
Toni Kroos
93%
Manchester City
Sergio Aguero
93%
Manchester City
Joe Hart
92.8%
Paris Saint-
Germain
Thiago Silva
92.6%
Manchester City
David Silva
92.2%
FC Barcelona
Lionel Messi
91.8%
Dynamo Kiev
Danilo Silva
91.8%
FC Barcelona
Neymar
91.5%
FC Barcelona
Luis Suarez
91.4%
Real Madrid
Pepe
90.6%
Chelsea
Diego Costa
90.6%
FC Barcelona
Gerard Pique
90.3%
Real Madrid
Daniel Carvajal
90.2%
Bayern Munich
Douglas Costa
90%
FC Barcelona
Marc-André Ter-Stegen
89.9%
Bayern Munich
Robert Lewandowski
89.4%
Atletico de Madrid
Jan Oblak
89.3%
Bayern Munich
Philip Lahm
89.2%
FC Barcelona
Andres Iniesta
88.9%
Atletico de Madrid
Antoine Griezmann
88.8%
Atletico de Madrid
Diego Godin
88.7%
Bayern Munich
Jerome Boateng
88.7%
FC Barcelona
Sergio Busquets
88.4%
FC Barcelona
Jordi Alba
88%
Manchester City
Vincent Kompany
87.6%
Bayern Munich
Thomas Muller
87.6%
Paris Saint-
Germain
Zlatan Ibrahimovic
86.5%
FC Barcelona
Daniel Alves
86.2%
Bayern Munich
Franck Ribery
86%
Real Madrid
Carlos Casemiro
86%
Atletico de Madrid
Koke
85.7%
Manchester City
Kevin de Bruyne
85.6%
FC Barcelona
Ivan Rakitic
84.8%
Arsenal
Petr Cech
84.6%
Juventus
Gianluigi Buffon
84.5%
Paris Saint-
Germain
Edinson Cavani
84.1%
Bayern Munich
David Alaba
83.5%
Atletico de Madrid
Filipe Luis
82.5%
Paris Saint-
Germain
David Luiz
81.9%
Manchester City
Fernandinho
81.4%
Juventus
Giorgio Chiellini
80.1%
Chelsea
Eden Hazard
79%
Atletico de Madrid
Juanfran
78.7%
Juventus
Leonardo Bonucci
78.7%
FC Barcelona
Javier Mascherano
78%
Chelsea
Gary Cahill
76.5%
Paris Saint-
Germain
Angel Di Maria
76.4%
Manchester City
Nicolas Otamendi
76.1%
Arsenal
Olivier Giroud
76%
Atletico de Madrid
Fernando Torres
74.2%
Hint
Answer
% Correct
Arsenal
Mesut Ozil
74.1%
Manchester City
Yaya Touré
73.7%
Manchester City
Gael Clichy
73.4%
Chelsea
Willian
73.2%
Arsenal
Alexis Sanchez
72.7%
Paris Saint-
Germain
Kevin Trapp
72.4%
Manchester City
Bacary Sagna
72.1%
Juventus
Andrea Barzagli
71.9%
Paris Saint-
Germain
Blaise Matuidi
71.1%
Bayern Munich
Thiago Alcantara
70.6%
Chelsea
Cesar Azpilicueta
70.5%
AS Roma
Edin Dzeko
70.2%
Juventus
Paul Pogba
70.2%
Arsenal
Hector Bellerin
70.1%
Arsenal
Laurent Koscielny
69.6%
Juventus
Paulo Dybala
68.9%
Chelsea
Oscar
68.8%
Atletico de Madrid
Gabi
68.5%
Arsenal
Per Mertesacker
68%
Atletico de Madrid
Jose Gimenez
66.9%
Chelsea
Francesc Fabregas
66.6%
Juventus
Alvaro Morata
66.5%
Paris Saint-
Germain
Thiago Motta
66.5%
Chelsea
Branislav Ivanovic
66.1%
Arsenal
Aaron Ramsey
65.6%
Atletico de Madrid
Yannick Carrasco
64.3%
Chelsea
Nemanja Matic
63.9%
Bayern Munich
Arturo Vidal
63.8%
AS Roma
Daniele De Rossi
63.3%
Arsenal
Nacho Monreal
63.2%
Zenit St Peterbourg
Hulk
61.8%
Paris Saint-
Germain
Sherrer Maxwell
61.7%
Juventus
Claudio Marchisio
61.2%
Paris Saint-
Germain
Marquinhos
60.6%
Juventus
Patrice Evra
56.5%
Vfl Wolfsburg
Ricardo Rodriguez
56.4%
Vfl Wolfsburg
Dante
55.8%
Juventus
Stephan Lichtsteiner
54.7%
Arsenal
Santiago Cazorla
54.1%
Bayern Munich
Joshua Kimmich
53.9%
Chelsea
Kurt Zouma
53.2%
Juventus
Sami Khedira
53.2%
Vfl Wolfsburg
Julian Draxler
53%
Chelsea
Asmir Begovic
52.4%
AS Roma
Miralem Pjanic
51.8%
Paris Saint-
Germain
Adrien Rabiot
51.3%
Arsenal
Francis Coquelin
49.6%
AS Roma
Mohamed Salah
47.4%
AS Roma
Kostas Manolas
46.7%
AS Roma
Alessandro Florenzi
46.3%
AS Roma
Wojciech Szczesny
43%
Vfl Wolfsburg
Diego Benaglio
42.7%
AS Roma
Radja Nainggolan
42.3%
Vfl Wolfsburg
Naldo
40.3%
Atletico de Madrid
Saul Niguez
39.8%
Zenit St Peterbourg
Axel Witsel
39.7%
AS Roma
Antonio Rudiger
38.8%
Vfl Wolfsburg
Luiz Gustavo
38.5%
Vfl Wolfsburg
André Schurrle
38.3%
Hint
Answer
% Correct
Benfica
Jonas
34.3%
Benfica
Nicolas Gaitan
32%
Benfica
Julio Cesar
28.4%
AS Roma
Lucas Digne
27.4%
Zenit St Peterbourg
Artem Dzyuba
27.4%
Zenit St Peterbourg
Javi Garcia
27.4%
Vfl Wolfsburg
Maximilian Arnold
26.9%
Zenit St Peterbourg
Danny
25%
Vfl Wolfsburg
Max Kruse
24.7%
PSV Eindhoven
Jeroen Zoet
24.5%
Benfica
Renato Sanches
24.4%
Dynamo Kiev
Andrei Yarmolenko
23%
Zenit St Peterbourg
Ezequiel Garay
22%
Vfl Wolfsburg
Josuha Guilavogui
21%
Benfica
Pizzi
20.4%
Zenit St Peterbourg
Deomenico Criscito
18.5%
PSV Eindhoven
Andres Guardado
18.1%
Benfica
Konstantin Mitroglou
18%
Vfl Wolfsburg
Vieirinha
17.7%
PSV Eindhoven
Jeffrey Bruma
17%
PSV Eindhoven
Luciano Narsingh
16.4%
PSV Eindhoven
Hector Moreno
16.3%
Zenit St Peterbourg
Nicolas Lombaerts
14.7%
Benfica
Jardel
14.6%
PSV Eindhoven
Luuk De Jong
14.6%
Zenit St Peterbourg
Oleg Shatov
13.5%
Zenit St Peterbourg
Alexander Anyukov
13.1%
Benfica
Eliseu
12.5%
PSV Eindhoven
Santiago Arias
11.8%
Zenit St Peterbourg
Yuri Lodygin
11.4%
PSV Eindhoven
Jurgen Locadia
11.3%
Benfica
Ljubomir Fejsa
11.2%
PSV Eindhoven
Dany Propper
11.1%
AS Roma
Iago Falqué
10.7%
Benfica
André Almeida
10.5%
La Gantoise
Renato Neto
10.1%
Benfica
Andreas Samaris
9.6%
PSV Eindhoven
Jorrit Hendrix
9.2%
La Gantoise
Laurent Depoitre
8.6%
La Gantoise
Sven Kums
8.2%
Dynamo Kiev
Derlis Gonzalez
8.1%
PSV Eindhoven
Joshua Brenet
6.7%
La Gantoise
Matz Sels
6.6%
Dynamo Kiev
Olexandr Shovkovsky
6.1%
La Gantoise
Stefan Mitrovic
5.7%
La Gantoise
Nana Asare
4.8%
Dynamo Kiev
Yevhen Khacheridi
4.8%
Dynamo Kiev
Aleksandar Dragovic
4.7%
La Gantoise
Thomas Foket
4.5%
La Gantoise
Danijel Milicevic
4.5%
Dynamo Kiev
Vitorino Antunes
3.6%
La Gantoise
Brecht Dejaegere
3.5%
La Gantoise
Lasse Nielsen
3.5%
Dynamo Kiev
Lukasz Teodorczyk
3.2%
La Gantoise
Kenny Saief
3.1%
Dynamo Kiev
Sergiy Rybalka
2.7%
Dynamo Kiev
Sergiy Sydorchuk
2.5%
Dynamo Kiev
Vitaliy Buyasky
0.5%
Quiz Playlist
Details
Report
Send in Message
Add To Playlist
Classic:
Type in answers that appear in a list
Last Updated: Feb 16, 2017
Quiz Scoreboard
CHALLENGE
Sign Up to Join the Scoreboard
Show All
Scores
Hide
Comments
May contain spoilers
Recently Published
Presidents Visiting Landmarks
by Hejman
History
7m
An Introduction to Baseball
by treessimontrees
Sports
5m
Movies - When Are They Set?
by FPL_Elf
Movies
5m
More to Explore
Quiz From the Vault
Featured Blog Post
Where Did the Easter Bunny Come From?
hide this ad
You Might Also Like...
Tags
Soccer Quiz
Champions League
European Cup
European Football
UEFA Champions' League
UEFA Champions' League XIs
XIs
Today's Top Quizzes in Sports
Browse Sports
hide this ad
Today's Top Quizzes in Soccer
Browse Soccer
Top Contributed Quizzes in Sports
1
Les meilleurs buteurs des matchs entre le PSG et l’OM
2
2022 World Cup Stars
3
FIFA Club World Cup Champions
4
Les entraîneurs de l'OM et du PSG au 21e siècle
5
Name the Premier League winners with different clubs
6
La finale Lions - Afrique du Sud 2021
7
5-to-1: UK Sports Teams
8
England Test cricketers to play under Nasser Hussain
9
Players with Multiple 50 Home Run Seasons
10
AFC Teams Reveal (Wrong Answers Minefield)
Explore More
Trending Topics
Crossword
NBA
Disney
Kpop
Marvel
Anime
Harry Potter
NFL
The Office
WWE
Puzzle
Song
Soccer
Country
Pokémon
hide this ad
More By:
PBERouen
Quiz
Plays
Rating
Category
Featured
Created
Champions League XIs 2015-2016
1,916
4.50
Sports
May 18, 2016
Ligue 1 Starting XI 2016/17
483
5.00
Sports
Jan 3, 2017
Ligue 1 Starting XI 2015/16
270
4.50
Sports
Apr 15, 2016
Go to Creator's Profile
Score Distribution
Quiz Creator Spotlight
PBERouen
Follow
Send a Message
Quizzes Created
-
Created Quiz Play Count
-
More By This Creator
Popular Quizzes Today
1
Find the US States - No Outlines Minefield
2
Find the Countries of Europe - No Outlines Minefield
3
The Countries of the World
4
Find the US States
5
Popular People in 1961
6
US States
7
Risky Map Clicking: Biggest States A-Z
8
Movies - When Are They Set?
More Sports Quizzes
NFL Franchises' First Championship Years
Editor's Pick
Trending Quizzes
Risky Map Clicking: Least Populous States A-Z
1-10 Letter G Words
1-10 Letter F Words
Risky Map Clicking: Next State Alphabetically
Risky Map Clicking: Biggest States A-Z
Recently Updated
Leaping Animals
pecheneg
Reality TV Shows (A-Z)
bhenderson79
Rickey Henderson's Hall of Fame Teammates
pecheneg
Champions League XIs: Arsenal
pecheneg
Quick Pick: Celebrities in WWE's Hall of Fame
aduchscher
A-Z Keypad Blitz II
pecheneg
Multiple Oscar Actors
pecheneg
Mystery Phrase Blitz: Oscar 'Best Actors'
pecheneg
F. Scott Fitzgerald Novels
LTH
Pick 3 Villains
ddd62291
Trending Topics
Harry Potter
Crossword
Kpop
Disney
Anime
NBA
Marvel
Puzzle
Soccer
Song
NFL
Country
Pokémon
The Office
WWE
Your Account Isn't Verified!
In order to create a playlist on Sporcle, you need to verify the email address you used during registration. Go to your
Sporcle Settings
to finish the process.
Report this User
Report this user for behavior that violates our
Community Guidelines
.
Details:
Send Report
Go to the Sporcle.com Mobile Site →
Comments